000 00641cam a22002293a 4500
001 42631
003 PGUSA
005 20140828083951.0
008 130502s2013||||xxu|||||s|||||000 | eng d
040 _aPGUSA
_beng
042 _adc
050 4 _aTX
100 1 _aFriendship Club
_q(Madison, Wisconsin)
245 1 0 _aFriendship Club Cook Book
_h[electronic resource] /
_cFriendship Club
260 _bProject Gutenberg,
_c2013
506 _aPublic domain in the USA.
516 _aElectronic text
653 _aCooking, American
830 0 _aProject Gutenberg
_v42631
856 4 0 _uhttp://www.gutenberg.org/ebooks/42631
942 _cEB
999 _c271883
_d271883